Experimental Pharmacology-III (Record no. 13062)

MARC details
000 -LEADER
fixed length control field 00433nam a22001817a 4500
003 - CONTROL NUMBER IDENTIFIER
control field OSt
008 - FIXED-LENGTH DATA ELEMENTS--GENERAL INFORMATION
fixed length control field 250204b |||||||| |||| 00| 0 eng d
020 ## - INTERNATIONAL STANDARD BOOK NUMBER
International Standard Book Number 978-93-89944815
082 ## - DEWEY DECIMAL CLASSIFICATION NUMBER
Classification number 615.1 PAE
100 ## - MAIN ENTRY--PERSONAL NAME
Personal name Panigrahi, Ghanshyam
245 ## - TITLE STATEMENT
Title Experimental Pharmacology-III
250 ## - EDITION STATEMENT
Edition statement 2nd
260 ## - PUBLICATION, DISTRIBUTION, ETC. (IMPRINT)
Place of publication, distribution, etc N.Delhi
Name of publisher, distributor, etc Narali Pub.
Date of publication, distribution, etc 2022
300 ## - PHYSICAL DESCRIPTION
Extent 122
650 ## - SUBJECT ADDED ENTRY--TOPICAL TERM
Topical term or geographic name as entry element Pharmacology-III
700 ## - ADDED ENTRY--PERSONAL NAME
Personal name Patra,Arjun
942 ## - ADDED ENTRY ELEMENTS (KOHA)
Source of classification or shelving scheme Dewey Decimal Classification
Koha item type Text Books
Holdings
Withdrawn status Lost status Source of classification or shelving scheme Damaged status Not for loan Collection code Home library Current library Date acquired Source of acquisition Currency Cost, normal purchase price Bill Number Total Checkouts Full call number Acc. no. / Barcode Date last seen Actual Cost, discounted price Bill Date Koha item type
    Dewey Decimal Classification     B.Pharma PIET C-LIBRARY PIET C-LIBRARY 23/01/2025 Zafaa Books Distributres In Rupees 135.00 ZBDO449   615.1 PAE BP2609 04/02/2025 101.25 22/01/2025 Reference Books
    Dewey Decimal Classification     B.Pharma PIET C-LIBRARY PIET C-LIBRARY 23/01/2025 Zafaa Books Distributres In Rupees 135.00 ZBDO449   615.1 PAE BP2610 04/02/2025 101.25 22/01/2025 Text Books

Design & Developed by: PIET Central Library
R70 Miles Stone Pattikalyana Samalkha Panipat 132102
mail ID :- [email protected], Phone No:- 0180-2569700 Ex.216